Kliknij powiaty województwa dolnośląskiego na mapie - Statystyki

Ogólne statystyki
  • Ten quiz został rozwiązany 1 951 razy
  • Średni wynik to 19 z 30
Odpowiedzi na mapie
Odpowiedzi zakodowano w zielono-czerwonej skali na mapie do tego quizu, zgodnie z poniższymi procentami.
 
Statystyki odpowiedzi
Odpowiedź % Poprawnych
Wrocław
86%
wrocławski
83%
Legnica
81%
legnicki
81%
kłodzki
80%
Jelenia Góra
79%
zgorzelecki
79%
Wałbrzych
76%
wałbrzyski
76%
bolesławiecki
63%
karkonoski
63%
oleśnicki
60%
kamiennogórski
57%
milicki
57%
świdnicki
57%
trzebnicki
57%
oławski
56%
polkowicki
55%
głogowski
54%
lubiński
54%
ząbkowicki
53%
lwówecki
52%
średzki
51%
górowski
50%
jaworski
50%
lubański
50%
wołowski
50%
dzierżoniowski
49%
strzeliński
49%
złotoryjski
47%
Nie znaleziono quizów pasujących do podanych kryteriów
Rozkład punktacji
Procent ludzi z każdym wynikiem
Percentyl według liczby udzielonych odpowiedzi
Twoja historia wyników
Nie rozwiązałeś tego quizu